Normal view
MARC view
- Cost Accounting
Entry Topical Term
001 - CONTROL NUMBER
- control field: 69572
003 - CONTROL NUMBER IDENTIFIER
- control field: OSt
005 - DATE AND TIME OF LATEST TRANSACTION
- control field: 20220806111605.0
008 - FIXED-LENGTH DATA ELEMENTS
- fixed length control field: 220806|| aca||aabn | a|a d
040 ## - CATALOGING SOURCE
- Original cataloging agency: OSt
- Transcribing agency: OSt
150 ## - HEADING--TOPICAL TERM
- Topical term or geographic name entry element: Cost Accounting
670 ## - SOURCE DATA FOUND
- Source citation: Work cat.: (OSt)39017: Jadhavar, S. U. And Others 69571, Advanced Cost Accounting And Cost Systems (recent Advanced In Cost Auditing And Cost System) M.com.-ii (sem.-iv), 2014